000 00669cam a2200181 i 4500
005 20260126124205.0
008 250721s2005 jo gr 000 0 ara d
082 1 4 _a346.066
_bخ ر ا
100 1 _aالخرابشة، سامي محمد
_eمؤلف.
245 1 2 _aالنظام القانوني للشركة المساهمة الخاصة /
_cسامي محمد الخرابشة.
264 3 1 _aعمان :
_bدار البشير للنشر والتوزيع،
_c2005.
300 _a383 صفحة.
650 1 7 _aقانون الشركات.
650 1 7 _aالمنشآت الخاصة.
650 1 7 _aالشركات.
942 _2ddc
_cBK
999 _c94988
_d94988